000 00726nam a2200217Ii 4500
003 JO-AjNU
008 230605s9999||||xx |||||||||||||| ||und||
017 _a2011/9/3515
020 _a978-9957-70-558-9
040 _aJO-AjNU
_bara
_erda
_cJO-AjNU
041 _aara
050 1 4 _aPJ7553.M5799.2012
100 3 _aمقدادي، زياد محمود,
_eauthor
_963470
245 0 0 _aتلقي شعر التراث في النقد العربي الحديث من بشار إلى المتنبي "أنموذج"
250 _aط1
300 _a270ص
336 _atext
_btxt
_2rdacontent
337 _aunmediated
_bn
_2rdamedia
338 _avolume
_bnc
_2rdacarrier
650 4 _aالشعر العربي-تاريخ ونقد
_963471
999 _aA28793
_c32361
_d32361